000 00337nam a2200157Ia 4500
003 OSt
005 20240206155848.0
008 170524s9999 xx 000 0 und d
020 _a9788126513727
040 _cIIMTU
100 _aBuffa
245 0 _aModern Production Management
260 _bP H I
260 _c2002
942 _2ddc
_c02
999 _c6201
_d6201